00574cam a2200181u 450000100060000000300080000600500170001400800410003103500190007204000330009104100080012408200180013210000520015024500760020226000490027830000380032765000270036520732BD-RjUL20211209000613.0140302s1954 enka 000 0 eng d a(BD-RjUL)20794 aDLCcCarPdDLCdBD-RjULbeng aeng04a517bEDE 19541 aEdwards, Joseph,d1854-1931. [from old catalog]03aAn elementary treatise on the differential calculus /c Joseph, Edwards aLondon :bMacmillan and co., limited,c1954. axiii 529 p. :b diagrs. ;c23 cm. 0aDifferential calculus.